| 000 | 00331nam a2200133Ia 4500 | ||
|---|---|---|---|
| 005 | 20260328104328.0 | ||
| 008 | 260328s9999||||xx |||||||||||||| ||und|| | ||
| 100 | _aVigne, Georges | ||
| 245 | 0 |
_aHector Guimard et l ´Art Nouveau / _cGeorges Vigne |
|
| 260 | _bHachette | ||
| 300 | _a63 p. | ||
| 650 | _aARQUITECTURA | ||
| 942 | _cBK | ||
| 999 |
_c11607 _d11607 |
||